00718nam a2200241 a 4500001001300000003000900013005001700022008004100039020001100080082001900091100002600110245002500136260004800161300000900209500003500218505001700253650002300270700002600293902000800319942000700327952012700334999001500461nice12345678IN_TiNIC20260116011909.0050524s1968 dela grp 000 0 eng  ac6.7500a297.1227bMAU2 aMaudoodi, S Abul Aala aMeaning of the Quran aDelhibMarkazi Maktaba Jamat-E-Islamic1968 a205p aincludes index and biblioraphy2 aBibliography aQuran-Hermeneutics1 aMaudoodi, S Abul Aala bSRS cBK 001040708StackRoom-aHMIbHMId2012-09-21g6.75l2o297.1227 MAU2p06754r2022-03-09s2022-02-14v6.75w2005-05-24yBK c4785d4785